| 000 | 00730nam a2200217 a 4500 | ||
|---|---|---|---|
| 005 | 20230524063531.0 | ||
| 008 | 160815s2013 mx r 000 0 spa d | ||
| 020 | _a9786074016765 | ||
| 035 | _aUPN01000212303 | ||
| 049 | _aCG | ||
| 050 | 4 |
_aHQ18 M6 _bF6.2 |
|
| 100 | 1 |
_aFonseca Hernández, Carlos _939417 |
|
| 245 | 1 | 0 |
_aDerechos humanos, amor y sexualidad en la diversidad sexual desde la perspectiva de género / _cCarlos Fonseca Hernández. |
| 260 |
_aMéxico : _bMiguel Angel Porrúa : _bUAEM, _c2013. |
||
| 300 |
_a181 p. : _bgráfs., tablas |
||
| 440 | 0 | _aEstudios de género | |
| 650 | 4 |
_aCOSTUMBRES SEXUALES - _zMEXICO _911533 |
|
| 650 | 7 |
_aDerechos sexuales _zMéxico _2 _925205 |
|
| 905 | _aLibro | ||
| 999 |
_c184403 _d184403 |
||